K zániku záväzku započítaním môže dôjsť na základe dohody strán alebo jednostranného prejavu vôle účastníka

Započítanie (kompenzácia) ako jeden zo spôsobov zániku záväzku predstavuje veľmi pružný nástroj obchodného styku. Čo je potrebné k platnému započítaniu. Obmedzené započítanie jednostranným prejavom vôle. Zánik pohľadávok započítaním.

Enregistré dans:
Détails bibliographiques
Auteur principal: Kuklis, R.
Format: Chapitre de livre
Langue:slovaque
Sujets:
Tags: Ajouter un tag
Pas de tags, Soyez le premier à ajouter un tag!

MARC

LEADER 00000naa a2200000 4500
001 r026497
005 20230921081305.3
041 0 |a slo 
044 |a SK 
245 1 0 |a K zániku záväzku započítaním môže dôjsť na základe dohody strán alebo jednostranného prejavu vôle účastníka  |c R. Kuklis 
520 |a Započítanie (kompenzácia) ako jeden zo spôsobov zániku záväzku predstavuje veľmi pružný nástroj obchodného styku. Čo je potrebné k platnému započítaniu. Obmedzené započítanie jednostranným prejavom vôle. Zánik pohľadávok započítaním. 
610 2 0 |a záväzky 
610 2 0 |a vzťahy obchodné záväzkové 
610 2 0 |a pohľadávky 
610 2 0 |a zákonník obchodný 
100 1 |a Kuklis, R.